Kant
Saved in:
| Main Author: | |
|---|---|
| Other Authors: | , |
| Format: | Book |
| Language: | English German |
| Published: |
New York :
Harvest Book,
1957.
|
| Subjects: | |
| Tags: |
Add Tag
No Tags, Be the first to tag this record!
|
MARC
| LEADER | 00000cam a2200000 i 4500 | ||
|---|---|---|---|
| 001 | 1/22542 | ||
| 008 | 120809s1957 nyu| ||| |||| ||eng|| | ||
| 035 | |l 10113077 | ||
| 040 | |a GR-MyUA |b gre |e AACR2 | ||
| 041 | 1 | |a eng |h ger | |
| 082 | 0 | |a 142.3 |2 (22) | |
| 100 | 1 | |a Jaspers, Karl, |d 1883-1969. | |
| 245 | 1 | 0 | |a Kant / |c Karl Jaspers ; edited by Hannah Arendt, translated by Raloh Manheim. |
| 260 | |a New York : |b Harvest Book, |c 1957. | ||
| 300 | |a 159 σ. ; |c 21 εκ. | ||
| 500 | |a Πρωτοδημοσιεύτηκε ως μέρος του βιβλίου: Die grossen Philosophen Ι, 1957 | ||
| 600 | 1 | 0 | |a Kant, Immanuel, |d 1724-1804. |
| 700 | 1 | |a Arendt, Hannah, |d 1906-1975, |e edt | |
| 700 | 1 | |a Manheim, Ernst, |d 1900-2002, |e trl | |
| 765 | 0 | 8 | |i Μετάφραση του: |t Die Grossen Philosophen / |
| 852 | |a INST |b LESVOS |e 20120809 |h 142.3 JAS |p 005100052093 |q 005100052093 |t BK |y 0 | ||
| 901 | |a BIBL1-2012-2 | ||
| 909 | |a Λ |b 176175 | ||
| 970 | |a ΤΖΑΦΕΡΗ |b ΕΥΑΓΓΕΛΙΑ |z 2012/08/09 | ||